Leones / (Record no. 18639)
[ view plain ]
| 000 -LEADER | |
|---|---|
| fixed length control field | 00623nam a22002297a 4500 |
| 001 - CONTROL NUMBER | |
| control field | sjds170173 |
| 003 - CONTROL NUMBER IDENTIFIER | |
| control field | sjds |
| 005 - DATE AND TIME OF LATEST TRANSACTION | |
| control field | 20170723145228.0 |
| 008 - FIXED-LENGTH DATA ELEMENTS--GENERAL INFORMATION | |
| fixed length control field | 170723b cau||||| |||| 00| 0 spa d |
| 020 ## - INTERNATIONAL STANDARD BOOK NUMBER | |
| International Standard Book Number | 9781595663986 (pbk.) |
| 040 ## - CATALOGING SOURCE | |
| Transcribing agency | sjds |
| 041 ## - LANGUAGE CODE | |
| Language code of text/sound track or separate title | spa |
| Language code of original | eng |
| 082 ## - DEWEY DECIMAL CLASSIFICATION NUMBER | |
| Edition number | 22 |
| Classification number | 599.757 |
| 100 1# - MAIN ENTRY--PERSONAL NAME | |
| Personal name | Morgan, Sally |
| 240 ## - UNIFORM TITLE | |
| Uniform title | <a href="Lions">Lions</a> |
| 245 10 - TITLE STATEMENT | |
| Title | Leones / |
| Statement of responsibility, etc. | Sally Morgan ; diseñado por Jonathan Vipond. |
| 260 ## - PUBLICATION, DISTRIBUTION, ETC. (IMPRINT) | |
| Place of publication, distribution, etc. | Laguna Hills, Calif. : |
| Name of publisher, distributor, etc. | QEB, |
| Date of publication, distribution, etc. | c2006. |
| 300 ## - PHYSICAL DESCRIPTION | |
| Extent | 32 pages : |
| Other physical details | color illustrations ; |
| Dimensions | 28 cm. |
| 490 ## - SERIES STATEMENT | |
| Series statement | Vida de los animales. |
| 700 1# - ADDED ENTRY--PERSONAL NAME | |
| Personal name | Vipond, Jonathan |
| 942 ## - ADDED ENTRY ELEMENTS (KOHA) | |
| Source of classification or shelving scheme | Dewey Decimal Classification |
| Koha item type | Libro/Book |
| Withdrawn status | Lost status | Source of classification or shelving scheme | Damaged status | Not for loan | Home library | Current library | Date acquired | Total Checkouts | Full call number | Barcode | Checked out | Date last seen | Date checked out | Price effective from | Koha item type |
|---|---|---|---|---|---|---|---|---|---|---|---|---|---|---|---|
| Dewey Decimal Classification | Sevadilla -- Satellite | Sevadilla -- Satellite | 23/07/2017 | 1 | 599.757 | 35400859 | 26/03/2018 | 19/02/2018 | 19/02/2018 | 23/07/2017 | Libro/Book |